00538nam a2200169Ia 4500008004100000020001500041041001200056082001600068100001800084245002700102260002700129300000800156650001200164942000700176999001500183952017000198221030s9999 xx 000 0 und d a8172246706 aEnglish a105.23bPhi aI. Phillipson 0aHow to Market Yourself bJaico PubaDelhic1998 a140 aGeneral cBK c1233d1233 pBE 3751g70.00l0o105.23 Phir2024-06-13 00:00:00w2022-10-30yBK003Print4070aMIETLIBbMIETLIBcBL-Academic Block B, FL-1, CUP-21, SH-4, R-4d2001-04-2110HBE